[Event "38th Olympiad"]
[Site "Dresden GER"]
[Date "2008.11.23"]
[Round "10"]
[White "Obodchuk,A"]
[Black "Berlinsky,V"]
[Result "1/2-1/2"]
[WhiteElo "2434"]
[BlackElo "2325"]
[EventDate "2008.11.13"]

1. e4 e6 2. d4 d5 3. Nc3 Nf6 4. Bg5 dxe4 5. Nxe4 Be7 6. Bxf6 Bxf6 7. Nf3
O-O 8. Qd2 Nd7 9. O-O-O Be7 10. Bd3 b6 11. h4 Bb7 12. Qf4 Qb8 13. Neg5 Nf6
14. Ne5 c5 15. dxc5 Bxc5 16. Rhe1 h6 17. Qg3 Bd6 18. f4 Qc7 19. Ne4 Bxe4
20. Bxe4 Nxe4 21. Rxe4 Rac8 22. Rc4 Qb8 23. Rcd4 Bxe5 24. fxe5 Rc5 25. Rd6
Qc7 26. c3 b5 27. Kb1 a5 28. Qf4 Rc4 29. R1d4 Rc8 30. Qe4 h5 31. a3 g6 32.
g4 hxg4 33. Qxg4 Rxd4 34. Qxd4 Qc4 35. Rd8+ Rxd8 36. Qxd8+ Kh7 37. Qf6 Qd3+
1/2-1/2

[Event "38th Olympiad"]
[Site "Dresden GER"]
[Date "2008.11.23"]
[Round "10"]
[White "Yarmonov,I"]
[Black "Pribeanu,D"]
[Result "1-0"]
[WhiteElo "2322"]
[BlackElo "2232"]
[EventDate "2008.11.13"]

1. d4 Nf6 2. c4 g6 3. Nc3 Bg7 4. e4 d6 5. Be2 O-O 6. Bg5 c5 7. d5 a6 8. Qd2
b5 9. cxb5 Qa5 10. bxa6 Bxa6 11. Rb1 Nbd7 12. Bxa6 Qxa6 13. Nge2 Ne5 14.
O-O Rfb8 15. b3 Rb4 16. f3 Rab8 17. Kh1 c4 18. bxc4 Rxb1 19. Rxb1 Rc8 20.
Rb4 Rxc4 21. Qb2 Rxb4 22. Qxb4 h6 23. Be3 Nfd7 24. Qb5 Qc8 25. a4 Nc5 26.
Bxc5 Qxc5 27. Qxc5 dxc5 28. a5 Nc4 29. a6 Nb6 30. Nb5 Na8 31. f4 Kf8 32. e5
Ke8 33. Nec3 f6 34. d6 exd6 35. Nd5 fxe5 36. Nbc7+ Kd7 37. Nxa8 Kc6 38.
Nac7 1-0

[Event "38th Olympiad"]
[Site "Dresden GER"]
[Date "2008.11.23"]
[Round "10"]
[White "Schellmann,F"]
[Black "Bondarets,V"]
[Result "0-1"]
[WhiteElo "2144"]
[BlackElo "2345"]
[EventDate "2008.11.13"]

1. e4 e6 2. d4 d5 3. e5 c5 4. c3 Nc6 5. Nf3 Qb6 6. a3 c4 7. Nbd2 f6 8. Be2
fxe5 9. Nxe5 Nxe5 10. dxe5 Ne7 11. Bxc4 Ng6 12. Bd3 Nxe5 13. Qh5+ Nf7 14.
Nf3 g6 15. Qh4 Be7 16. Qg3 Bd6 17. Qh4 Be7 18. Qg3 Bd6 19. Qh4 e5 20. Bc2
Bd7 21. Ba4 Bxa4 22. Qxa4+ Qc6 23. Qxc6+ bxc6 24. Be3 a5 25. O-O a4 26.
Rad1 Rb8 27. Bc1 Kd7 28. Ne1 Rhe8 29. Nd3 e4 30. Nb4 Ne5 31. Rfe1 Nc4 32.
Re2 Rf8 33. Be3 Rf5 34. Ba7 Rb7 35. Be3 Rb8 36. Ba7 Rb5 37. Be3 Rb7 38. Bc1
Kc7 39. Be3 Rb5 40. Na6+ Kb7 41. Nb4 Kc7 42. Na6+ Kd7 43. Nb4 h5 44. h3 h4
45. Bc1 Rb7 46. Be3 c5 47. Nxd5 Kc6 48. Nb4+ cxb4 49. cxb4 Nxe3 50. Rxe3
Re7 51. Rc3+ Kd7 52. b3 axb3 53. Rxb3 Rfe5 54. Re3 R7e6 55. Rd4 Kc6 56.
Rc3+ Kb5 57. g3 hxg3 58. Rxg3 Bc7 59. Rd2 Bb6 60. Re2 Ka4 61. Kg2 Rf5 62.
Rg4 Rfe5 63. Rg3 Ba7 64. h4 Bb6 65. Rc3 Rf5 66. Rc4 Rfe5 67. Rc3 Rh5 68.
Kg3 Bd8 69. b5 Kxb5 70. Rb2+ Ka6 71. Rc8 Bb6 72. Rc4 Rf5 73. Ra4+ Kb7 74.
Kg4 Rxf2 75. Rb5 e3 76. Rab4 e2 0-1

[Event "38th Olympiad"]
[Site "Dresden GER"]
[Date "2008.11.23"]
[Round "10"]
[White "Santamaria,V"]
[Black "Parfenov,P"]
[Result "0-1"]
[WhiteElo "2106"]
[BlackElo "2252"]
[EventDate "2008.11.13"]

1. e4 c5 2. d3 g6 3. g3 Bg7 4. Bg2 e6 5. Nc3 Ne7 6. Be3 d6 7. Qd2 Nbc6 8.
Bh6 Bxh6 9. Qxh6 Ng8 10. Qd2 a6 11. Nge2 Nf6 12. d4 e5 13. dxc5 dxc5 14.
Qxd8+ Nxd8 15. Nd5 Nxd5 16. exd5 f5 17. O-O-O Kd7 18. Rhe1 Re8 19. f4 e4
20. g4 Kd6 21. gxf5 gxf5 22. Bh3 b5 23. Rg1 Ra7 24. Rg5 Rf7 25. Ng3 Ref8
26. b3 Bd7 27. Nf1 Nb7 28. Ne3 Ke7 29. c4 Nd6 30. Rdg1 bxc4 31. bxc4 Rb8
32. Kc2 Rb4 33. Kc3 Ra4 34. R1g2 Ra3+ 35. Kd2 Rxa2+ 36. Kc3 Ra3+ 37. Kd2 a5
38. R5g3 a4 39. Nxf5+ Bxf5 40. Rxa3 Nxc4+ 41. Kc2 0-1

[Event "38th Olympiad"]
[Site "Dresden GER"]
[Date "2008.11.23"]
[Round "10"]
[White "Al Subaihi,K"]
[Black "Elliott,W"]
[Result "0-1"]
[WhiteElo "2187"]
[BlackElo "2264"]
[EventDate "2008.11.13"]

1. e4 c5 2. Nf3 Nc6 3. d4 cxd4 4. Nxd4 Nf6 5. Nc3 e5 6. Ndb5 d6 7. Nd5 Nxd5
8. exd5 Nb8 9. c4 Be7 10. Bd3 a6 11. Nc3 O-O 12. O-O f5 13. f3 Bg5 14. Qe2
Nd7 15. Kh1 Bxc1 16. Raxc1 Qh4 17. g3 Qh3 18. Qg2 Qh6 19. Rfe1 g5 20. b4
Kh8 21. Na4 e4 22. Be2 f4 23. gxf4 gxf4 24. Rg1 Ne5 25. Qf2 e3 26. Qe1 Bh3
27. c5 Rf5 28. cxd6 Rh5 29. Bd1 Rg5 30. Be2 Rag8 31. Rxg5 Qxg5 0-1

[Event "38th Olympiad"]
[Site "Dresden GER"]
[Date "2008.11.23"]
[Round "10"]
[White "Matthews,S"]
[Black "Al Hadarani,H"]
[Result "1-0"]
[WhiteElo "2179"]
[BlackElo "2308"]
[EventDate "2008.11.13"]

1. e4 c5 2. Nf3 a6 3. c3 Nf6 4. e5 Nd5 5. Bc4 Nb6 6. Bb3 d5 7. d4 cxd4 8.
Qxd4 Nc6 9. Qf4 h6 10. O-O g5 11. Qg3 Bg7 12. Re1 Bf5 13. Nd4 Nxd4 14. cxd4
Qd7 15. Nc3 e6 16. a4 O-O 17. a5 Nc4 18. h4 g4 19. Bd1 Qc7 20. Bxg4 Bxg4
21. Qxg4 Kh7 22. Ne2 Rg8 23. Qh5 Nxa5 24. Ra3 Qe7 25. Rf3 Qb4 26. Nc3 Nb3
27. Bg5 Nxd4 28. Rxf7 Nf5 29. g4 Raf8 30. Rd7 Kh8 31. gxf5 Rxf5 32. Rxg7
Rxg7 33. Qxh6+ Kg8 34. Qxe6+ Rff7 35. Qh3 d4 36. e6 Rc7 37. Re4 dxc3 38.
Rxb4 c2 39. Rg4 1-0

[Event "38th Olympiad"]
[Site "Dresden GER"]
[Date "2008.11.23"]
[Round "10"]
[White "Al Zendani,Z"]
[Black "Rowe,D"]
[Result "1/2-1/2"]
[WhiteElo "2400"]
[BlackElo "2203"]
[EventDate "2008.11.13"]

1. e4 e5 2. Nf3 Nc6 3. Bc4 Nf6 4. d3 Be7 5. O-O O-O 6. h3 d5 7. exd5 Nxd5
8. Re1 Bf6 9. Nbd2 h6 10. Ne4 Be7 11. Ng3 Nb6 12. Bb3 a5 13. a3 Bc5 14. c3
Re8 15. Re4 a4 16. Ba2 Na5 17. Rxe5 Bd6 18. Rxe8+ Qxe8 19. Ne4 Be6 20. Nxd6
cxd6 21. Bxe6 fxe6 22. Nd4 Qg6 23. Qg4 Qxg4 24. hxg4 Nb3 25. Nxb3 axb3 26.
Be3 Na4 27. Rb1 e5 28. g3 Re8 29. Kf1 d5 30. d4 e4 31. Ke2 Rf8 32. Rh1 b5
33. Bc1 Nb6 34. Rh5 Rd8 35. g5 hxg5 36. Bxg5 Rd7 37. f3 Nc4 38. Bc1 exf3+
39. Kxf3 Rf7+ 40. Kg2 Rd7 41. Rf5 g6 42. Rf6 Rd6 43. Rf2 Kg7 44. Re2 Kf7
45. Bf4 Re6 46. Be5 Ra6 47. Kf3 Rxa3 48. bxa3 b2 49. Rxb2 Nxb2 50. Bd6 Nc4
51. Bb4 Nd2+ 52. Kf4 Ke6 53. g4 Nc4 54. Kg5 Kf7 55. Bc5 Nd2 56. Bb4 Nc4
1/2-1/2

[Event "38th Olympiad"]
[Site "Dresden GER"]
[Date "2008.11.23"]
[Round "10"]
[White "Adebayo,A"]
[Black "Mensing,F"]
[Result "1/2-1/2"]
[WhiteElo "2266"]
[BlackElo "2119"]
[EventDate "2008.11.13"]

1. d4 d5 2. Nf3 Nf6 3. Bg5 c6 4. Nbd2 h6 5. Bxf6 gxf6 6. e4 Bg7 7. c3 O-O
8. Qb3 e5 9. Be2 Re8 10. exd5 e4 11. Nh4 cxd5 12. g3 e3 13. fxe3 Rxe3 14.
Kf2 Qe7 15. Rhe1 f5 16. Ng2 f4 17. Nxf4 Bxd4 18. Kg2 Bg4 19. cxd4 Rxb3 20.
Bxg4 Re3 21. Nxd5 Rxe1 22. Nxe7+ Rxe7 23. d5 Na6 24. Rd1 Re5 25. Nb1 Nb4
26. Nc3 Nc2 27. Rd2 Ne3+ 28. Kf3 Nxg4 29. Kxg4 Rd8 30. Kf4 Re7 31. Kf5 Red7
32. Rd4 Rd6 33. Ke5 f6+ 34. Kf5 Kg7 35. Rg4+ Kf7 36. Rd4 Re8 37. Rb4 Re5+
38. Kf4 Re4+ 39. Kxe4 1/2-1/2

[Event "38th Olympiad"]
[Site "Dresden GER"]
[Date "2008.11.23"]
[Round "10"]
[White "Maduro,S"]
[Black "Bomo,K"]
[Result "0-1"]
[WhiteElo "2048"]
[BlackElo "1988"]
[EventDate "2008.11.13"]

1. e4 c5 2. Nf3 Nc6 3. d4 cxd4 4. Nxd4 Qb6 5. Nb3 Nf6 6. Nc3 e6 7. Be3 Qc7
8. a3 a6 9. Be2 Be7 10. O-O b5 11. f4 d6 12. Bf3 Bb7 13. Qe2 O-O 14. Rad1
Rac8 15. Rd2 b4 16. Na4 bxa3 17. Bb6 Qb8 18. bxa3 Nd7 19. Be3 Qc7 20. Qf2
Ncb8 21. Nb6 Nxb6 22. Bxb6 Qc3 23. Bd4 Qc7 24. Bb6 Qd7 25. Nc5 Qc6 26. Nxb7
Qxb7 27. Rfd1 Nd7 28. Bd4 e5 29. Be3 Nf6 30. fxe5 dxe5 31. Qe2 Bxa3 32. Ra1
Bb4 33. Rb1 a5 34. Rd6 Qc7 35. Rxf6 gxf6 36. Rxb4 axb4 37. Bh6 Qc5+ 38. Be3
Qxc2 39. Qe1 b3 40. Bh6 Qc5+ 41. Kf1 Kh8 42. Qh4 Qd6 43. Bg4 Rg8 44. Bf5
Qd4 0-1

[Event "38th Olympiad"]
[Site "Dresden GER"]
[Date "2008.11.23"]
[Round "10"]
[White "Merritt,M"]
[Black "Ibarra Chami,L"]
[Result "0-1"]
[WhiteElo "2123"]
[BlackElo "2389"]
[EventDate "2008.11.13"]

1. c4 e6 2. Nc3 d5 3. d4 Bb4 4. cxd5 exd5 5. Bf4 Nf6 6. e3 O-O 7. Bd3 Re8
8. Nge2 c6 9. O-O Nbd7 10. Qc2 Nf8 11. a3 Bd6 12. Bg3 Ng6 13. Rae1 Bf8 14.
Nf4 Bd6 15. Nfe2 Bf8 16. Nf4 b6 17. Nxg6 hxg6 18. f3 Bb7 19. Qf2 c5 20. Ne2
Qd7 21. Be5 Bd6 22. Bxd6 Qxd6 23. Nf4 cxd4 24. Qh4 dxe3 25. Nh3 Nh7 26. f4
f5 27. Rf3 d4 28. Rg3 Rac8 29. Kf1 Be4 30. Be2 d3 0-1

[Event "38th Olympiad"]
[Site "Dresden GER"]
[Date "2008.11.23"]
[Round "10"]
[White "Espinosa Flores,R"]
[Black "Cave,C"]
[Result "1-0"]
[WhiteElo "2412"]
[BlackElo "2250"]
[EventDate "2008.11.13"]

1. e4 e6 2. d4 d5 3. e5 c5 4. c3 Nc6 5. Nf3 Nge7 6. Bd3 Nf5 7. Bxf5 exf5 8.
dxc5 Bxc5 9. O-O Be6 10. Nbd2 O-O 11. Nb3 Be7 12. Re1 Rc8 13. Be3 Re8 14.
Qd2 Qc7 15. Bg5 Bf8 16. h4 b5 17. a3 a5 18. Nbd4 Nxd4 19. Nxd4 Qc4 20. Rac1
Rb8 21. b3 Qc8 22. Ra1 Bc5 23. h5 Qd7 24. b4 Bb6 25. h6 g6 26. Be3 Bc7 27.
Nf3 Rec8 28. Bc5 Bd8 29. Nd4 Rb7 30. Nb3 a4 31. Nc1 Rbc7 32. Nd3 Rc6 33.
Rad1 Bh4 34. g3 Be7 35. Qe3 Qd8 36. Bxe7 Qxe7 37. Nc5 Qf8 38. Rd4 Qe7 39.
Red1 Rd8 40. Qd2 Qc7 41. Qg5 Rxc5 42. bxc5 Rc8 43. Qf6 Kf8 44. Rxd5 Bxd5
45. Rxd5 Qc6 46. Rd8+ Rxd8 47. Qxc6 1-0

[Event "38th Olympiad"]
[Site "Dresden GER"]
[Date "2008.11.23"]
[Round "10"]
[White "Yueh Wei Po"]
[Black "Simutowe,A"]
[Result "0-1"]
[WhiteElo "1920"]
[BlackElo "2462"]
[EventDate "2008.11.13"]

1. d4 Nf6 2. c4 e6 3. Nc3 Bb4 4. e3 O-O 5. Bd3 c5 6. Nge2 d5 7. cxd5 cxd4
8. exd4 Nxd5 9. O-O Nc6 10. Bc2 Nf6 11. Bg5 Be7 12. a3 Qa5 13. Be3 Rd8 14.
b4 Qc7 15. Qb1 b6 16. Ne4 Nd5 17. Qb3 Ba6 18. Bd3 Bb7 19. Rac1 Qd7 20. Rfd1
Rac8 21. N2c3 Nxc3 22. Nxc3 Bf6 23. Be4 Nxd4 24. Bxd4 Bxd4 25. Bxb7 Qxb7
26. Ne2 Rxc1 27. Rxc1 Be5 28. Rd1 Rc8 29. Qd3 h6 30. f4 Bf6 31. Qd7 Rc7 32.
Qd3 b5 33. f5 Rc4 34. fxe6 Qb6+ 35. Kh1 Qxe6 36. h3 g6 37. Rf1 Kg7 38. Qf3
Be5 39. Qd3 Bc7 40. Rd1 Qe5 41. g3 Re4 0-1

[Event "38th Olympiad"]
[Site "Dresden GER"]
[Date "2008.11.23"]
[Round "10"]
[White "Ho Men Wei"]
[Black "Jere,D"]
[Result "0-1"]
[WhiteElo "1550"]
[BlackElo "2240"]
[EventDate "2008.11.13"]

1. e4 e6 2. d4 d5 3. exd5 exd5 4. Bf4 Bd6 5. Bxd6 Qxd6 6. Bd3 Qb4+ 7. Nc3
c6 8. Nge2 Qxb2 9. Rb1 Qa3 10. Rb3 Qd6 11. O-O Ne7 12. f4 f5 13. Qe1 O-O
14. Qh4 Nd7 15. Nd1 Nf6 16. Ne3 c5 17. dxc5 Qxc5 18. Rf3 a6 19. Kh1 d4 20.
Nc4 Be6 21. Rxb7 Bd5 22. Rxe7 Qxe7 23. Rg3 Be4 24. Nxd4 Rad8 25. c3 Bxd3
26. Rxd3 Qf7 27. Ne3 Qxa2 28. h3 g6 29. Qg3 Ne4 30. Qe1 Nf2+ 31. Kg1 Nxd3
32. Qf1 Qd2 33. Nd1 Rde8 34. Kh2 Re1 35. Qf3 Qxd1 36. Qd5+ Rf7 37. Qd8+ Kg7
38. Nf3 Nf2 39. Qa5 Rh1+ 40. Kg3 Ne4+ 41. Kh4 h6 42. Qe5+ Kh7 43. Qe6 Qd8+
0-1

[Event "38th Olympiad"]
[Site "Dresden GER"]
[Date "2008.11.23"]
[Round "10"]
[White "Mak Kei Keng"]
[Black "Aderito,P"]
[Result "0-1"]
[WhiteElo "2017"]
[BlackElo "2349"]
[EventDate "2008.11.13"]

1. Nf3 Nf6 2. b3 d6 3. Bb2 e5 4. e3 Be7 5. Be2 O-O 6. O-O Re8 7. c4 Bf8 8.
Nc3 Bf5 9. Rc1 h6 10. d3 c6 11. e4 Bh7 12. a3 a5 13. Ne1 d5 14. cxd5 cxd5
15. Bf3 d4 16. Ne2 Qb6 17. g3 Na6 18. Bg2 Nc5 19. f4 Nxb3 20. fxe5 Ng4 21.
Nc2 Nxc1 22. Bxc1 Nxe5 23. Nexd4 Bc5 24. Be3 Rad8 25. Kh1 Rxd4 26. Nxd4
Bxd4 27. Qa4 Nc6 28. Bxd4 Qxd4 29. Qb3 Bg6 30. Qxb7 Ne5 31. Qb5 Rd8 32.
Qxa5 Nxd3 33. Qc7 Rf8 34. Qc2 Bxe4 35. Bxe4 Qxe4+ 36. Qg2 Qxg2+ 37. Kxg2
Ra8 38. Ra1 Ra4 39. Kf1 Ne5 40. Re1 Nc4 41. Re8+ Kh7 42. Re7 Kg6 43. Kg2
Rxa3 44. Re2 Rc3 45. Kf2 Kf6 46. Ra2 Ne5 47. Kg2 g5 48. Rf2+ Ke6 49. Re2 f5
50. Ra2 f4 51. gxf4 gxf4 52. Ra6+ Rc6 53. Ra2 Kf5 54. Ra5 Rc2+ 55. Kh3 Ke4
56. Ra4+ Ke3 57. Ra6 f3 58. Ra3+ Nd3 59. Ra6 f2 60. Re6+ Kf3 0-1

[Event "38th Olympiad"]
[Site "Dresden GER"]
[Date "2008.11.23"]
[Round "10"]
[White "Domingos,E"]
[Black "Ho Cheng Fai"]
[Result "1/2-1/2"]
[WhiteElo "2198"]
[BlackElo "2041"]
[EventDate "2008.11.13"]

1. Nf3 Nf6 2. g3 d5 3. d4 e6 4. Bg2 c5 5. e3 Nc6 6. O-O Be7 7. c4 O-O 8.
cxd5 exd5 9. dxc5 Bxc5 10. a3 d4 11. b4 Bb6 12. exd4 Nxd4 13. Nxd4 Bxd4 14.
Ra2 Qb6 15. Rd2 Bg4 16. Qb3 Rfe8 17. Bb2 Bxb2 18. Qxb2 Re7 19. h3 Bh5 20.
Nc3 h6 21. Nd5 Nxd5 22. Rxd5 Bg6 23. Qd2 Rae8 24. Rd6 Qb5 25. Rd5 Qb6 26.
Rd6 Qb5 27. Rd5 Qb6 28. Rd6 Qb5 29. Rd5 Qb6 30. Rd6 Qb5 1/2-1/2

[Event "38th Olympiad"]
[Site "Dresden GER"]
[Date "2008.11.23"]
[Round "10"]
[White "Aristotelous,V"]
[Black "Mannhart,M"]
[Result "1-0"]
[WhiteElo "1920"]
[BlackElo "2154"]
[EventDate "2008.11.13"]

1. e4 g6 2. d4 Bg7 3. Nc3 c6 4. Nf3 d6 5. a4 Nh6 6. h3 f6 7. Bc4 e6 8. Be3
Nf7 9. Qd2 Qe7 10. O-O O-O 11. Rfe1 e5 12. Rad1 Nd7 13. dxe5 dxe5 14. Qd6
Re8 15. a5 Bf8 16. Qxe7 Bxe7 17. Be6 Nf8 18. Bb3 Bb4 19. Rd3 Be6 20. Bxe6
Rxe6 21. a6 b6 22. Red1 Ree8 23. Na2 Be7 24. Ne1 Nd8 25. b4 Nde6 26. g3 Nc7
27. Rc3 Nxa6 28. Rxc6 Rec8 29. Rxc8 Rxc8 30. c3 Nc7 31. Bh6 Nb5 32. Rd3 Ne6
33. Rd7 Kf7 34. Bd2 Ke8 35. Rd5 Na3 36. Ng2 Nc7 37. Rd3 Ncb5 38. Ne3 Nd6
39. f3 Nac4 40. Bc1 Nxe3 41. Bxe3 Nc4 42. Bc1 Rc7 43. Kf2 Kf7 44. h4 Ke6
45. Ke2 Bd6 46. Rd5 Be7 47. Rd3 Rc8 48. Rd5 h5 49. Kd3 Nd6 50. Bd2 f5 51.
Be3 Rc7 52. b5 Nc4 53. Bc1 Na5 54. Rxe5+ Kxe5 55. Bf4+ Ke6 56. Bxc7 fxe4+
57. Kxe4 Nb7 58. c4 Bd6 59. Bxd6 Nxd6+ 60. Kd3 Nf5 61. g4 Nxh4 62. Ke4 Ng2
63. gxh5 gxh5 64. f4 Ne1 65. Nc3 Nc2 66. f5+ Kf7 67. Nd5 h4 68. Kf4 Na3 69.
Ne3 Kf6 70. Kg4 h3 71. Kxh3 Nxc4 72. Nxc4 Kxf5 73. Nd6+ Ke6 74. Nc8 Kd7 75.
Nxa7 Kc7 76. Kg4 Kb7 77. Nc6 Kc7 78. Kf5 Kd6 79. Kf6 Kc5 80. Na7 Kd6 81.
Kf7 Kd7 82. Nc6 Kd6 83. Ke8 Kc7 84. Nd4 Kc8 85. Ne6 Kb8 86. Kd8 Kb7 87. Kd7
Kb8 88. Kc6 Ka7 89. Kc7 Ka8 90. Kxb6 1-0

[Event "38th Olympiad"]
[Site "Dresden GER"]
[Date "2008.11.23"]
[Round "10"]
[White "Frick,R"]
[Black "Constantinou,Pa"]
[Result "0-1"]
[WhiteElo "2145"]
[BlackElo "2093"]
[EventDate "2008.11.13"]

1. e4 c5 2. Nf3 g6 3. d4 cxd4 4. Qxd4 Nf6 5. e5 Nc6 6. Qa4 Nd5 7. Qe4 Nc7
8. Bc4 Bg7 9. O-O O-O 10. Nc3 b6 11. Rd1 Bb7 12. Bg5 Nxe5 13. Qxb7 Nxc4 14.
Bxe7 Qxe7 15. Qxc7 Rfc8 16. Qb7 Nd6 17. Qd5 Bxc3 18. bxc3 Nf5 19. Rd3 d6
20. Re1 Qf6 21. g4 Ne7 22. Qe4 Nc6 23. g5 Qd8 24. Qf4 d5 25. Red1 Qc7 26.
Qf6 Re8 27. Nd4 Nxd4 28. Qxd4 Rad8 29. c4 Re4 30. Qxe4 dxe4 31. Rxd8+ Kg7
32. R1d4 Qf4 33. R8d5 Qc1+ 34. Kg2 Qxc2 35. Re5 Qxa2 36. Rdxe4 a5 37. Re7
Qd2 38. h4 Qd6 39. R4e6 Qxe6 0-1

[Event "38th Olympiad"]
[Site "Dresden GER"]
[Date "2008.11.23"]
[Round "10"]
[White "Savva,P"]
[Black "Guller,A"]
[Result "1/2-1/2"]
[WhiteElo "2093"]
[BlackElo "2117"]
[EventDate "2008.11.13"]

1. d4 d5 2. c4 c6 3. Nc3 Nf6 4. Nf3 e6 5. Bg5 Nbd7 6. e3 Qa5 7. Nd2 Bb4 8.
Qc2 O-O 9. Be2 e5 10. dxe5 Ne4 11. Ndxe4 dxe4 12. Bf4 Nxe5 13. O-O Bxc3 14.
bxc3 Bf5 15. Rab1 b6 16. Bxe5 Qxe5 17. Rfd1 Rfd8 18. Rd4 c5 19. Rd2 Rxd2
20. Qxd2 Be6 21. Rd1 f5 22. f4 Qf6 23. Qd6 Re8 24. Kf2 Qf7 25. Qc6 Rf8 26.
Rd6 Re8 27. a4 g6 28. a5 Rc8 29. Qb5 Qe7 30. Rd1 bxa5 31. Qxa5 Rb8 32. Kf1
Kg7 33. Ra1 Rb7 34. Qa6 Kf7 35. g3 Qc7 36. Rd1 Qb6 37. Rd6 Qxa6 38. Rxa6
Rc7 39. Ke1 Ke7 40. h4 Bc8 41. Ra1 a6 42. Kd2 Rc6 43. Kc2 Be6 44. Rb1 Bd7
45. Rb8 Rd6 46. Rh8 h5 47. Rb8 Ba4+ 48. Kc1 Kd7 49. Rb2 Kc7 50. Ra2 Bd7
1/2-1/2

[Event "38th Olympiad"]
[Site "Dresden GER"]
[Date "2008.11.23"]
[Round "10"]
[White "Muendle,K"]
[Black "Klerides,P"]
[Result "0-1"]
[WhiteElo "1928"]
[BlackElo "2212"]
[EventDate "2008.11.13"]

1. d4 Nf6 2. Nf3 e6 3. c4 c5 4. d5 exd5 5. cxd5 Bd6 6. Nc3 Bc7 7. e4 d6 8.
Bd3 O-O 9. h3 a6 10. a4 Nbd7 11. O-O Re8 12. Bg5 Nf8 13. Nd2 Ng6 14. Nc4 h6
15. Bd2 Bd7 16. a5 Bb5 17. Qb3 Bxc4 18. Bxc4 Rb8 19. Qa3 Nxe4 20. Nxe4 Rxe4
21. Bd3 Re8 22. f4 Qh4 23. Qa4 Qg3 24. Rf3 Qh4 25. Rff1 Re7 26. Qc2 Nf8 27.
f5 Nd7 28. Rf4 Qf6 29. Rg4 Ne5 30. Bc3 Rbe8 31. Rf1 h5 32. Rg3 Kf8 33. Qd1
Qh4 34. Be1 Nxd3 35. Rxg7 Rxe1 0-1

[Event "38th Olympiad"]
[Site "Dresden GER"]
[Date "2008.11.23"]
[Round "10"]
[White "Arora,N"]
[Black "Belzo,K"]
[Result "1-0"]
[WhiteElo "1887"]
[BlackElo "1993"]
[EventDate "2008.11.13"]

1. e4 c5 2. Nf3 Nc6 3. d4 cxd4 4. Nxd4 g6 5. Nc3 Bg7 6. Be3 Nf6 7. Be2 O-O
8. Nb3 d6 9. f3 Be6 10. g4 a5 11. a4 Ne5 12. Nd5 Bxd5 13. exd5 Rc8 14. c3
e6 15. dxe6 fxe6 16. Nd4 Qd7 17. Qb3 Nd5 18. Bf2 Nf4 19. Bb5 Qe7 20. O-O-O
d5 21. Kb1 Nh3 22. Bg3 Nxf3 23. Nxf3 Rxf3 24. Rhe1 Qf7 25. Be5 Nf2 26. Rd4
Nxg4 27. Bxg7 Kxg7 28. Be2 Nxh2 29. Rh4 Rf2 30. Qb5 Nf3 31. Bxf3 Rxf3 32.
Qxa5 Rf1 33. Rxf1 Qxf1+ 34. Ka2 Qf7 35. Qb6 h5 36. Qd6 Rc6 37. Qb8 Qc7 38.
Qa7 b6 39. Qxc7+ Rxc7 40. Rb4 Rc6 41. Kb3 g5 42. Kc2 Kg6 43. Kd3 Kf5 44.
Rb5 g4 45. a5 bxa5 46. Rxa5 Kf4 47. Ra1 g3 48. Rf1+ Kg4 49. Ke3 g2 50. Rc1
Kg3 51. Re1 h4 52. Kd2 h3 53. Re3+ Kg4 1-0

[Event "38th Olympiad"]
[Site "Dresden GER"]
[Date "2008.11.23"]
[Round "10"]
[White "Fancy,S"]
[Black "Gajadin,D"]
[Result "0-1"]
[WhiteElo "2128"]
[BlackElo "2191"]
[EventDate "2008.11.13"]

1. e4 e5 2. Nf3 Nc6 3. Bb5 a6 4. Bxc6 dxc6 5. O-O Bg4 6. h3 h5 7. d3 Qf6 8.
Be3 Bd6 9. Nbd2 Ne7 10. Re1 Bxf3 11. Nxf3 O-O-O 12. c3 Rdg8 13. d4 Ng6 14.
Bg5 Qe6 15. dxe5 Nxe5 16. Nd4 Qg6 17. f4 Nd7 18. Nf5 Bc5+ 19. Kh1 f6 20.
Bh4 Qf7 21. b4 Bf8 22. Qd3 g5 23. fxg5 fxg5 24. Bg3 h4 25. Bh2 Bh6 26. e5
Nf8 27. Rf1 Qe8 28. Nd4 Ne6 29. Rf6 Nxd4 30. Qxd4 Kb8 31. Raf1 Bg7 32. Rf7
Rf8 33. Qc4 Rxf7 34. Qxf7 Rf8 35. Qxe8+ Rxe8 36. Rf5 Bh6 37. Bg1 Kc8 38.
Be3 Bg7 39. Bd4 Bh6 40. Rf7 Re6 41. Rh7 b6 42. Kg1 c5 43. bxc5 bxc5 44.
Bxc5 Rxe5 45. Bd4 Re6 46. Kf2 Kb7 47. Rf7 Kc6 48. Kf3 Kd6 49. Kg4 c5 50.
Bh8 Kd5 51. Kf5 Re2 52. Rf6 Bf8 53. Rxa6 Rxg2 54. Ra4 c4 55. Ra5+ Kc6 56.
Ra6+ Kd5 57. Ra5+ Kc6 58. Ra6+ Kb5 59. Rg6 Be7 60. Rg7 Bd8 61. Rg8 Be7 62.
Rg7 Re2 63. Rxg5 Bxg5 64. Kxg5 Rxa2 65. Kxh4 Rg2 66. Kh5 Kc6 67. h4 Kd7 68.
Kh6 Ke6 69. h5 Kf7 70. Kh7 Rg8 71. Bd4 Re8 72. Kh6 Rg8 73. Be5 Rg4 74. Bg7
Kg8 75. Be5 Kf7 76. Bh8 Rg8 77. Bg7 Ra8 78. Bd4 Ra2 79. Kg5 Rg2+ 80. Kf5
Rh2 81. Kg5 Rd2 82. Bb6 Rd3 83. Ba5 Rd5+ 0-1

[Event "38th Olympiad"]
[Site "Dresden GER"]
[Date "2008.11.23"]
[Round "10"]
[White "Siban,M"]
[Black "Press,S"]
[Result "1-0"]
[WhiteElo "2067"]
[BlackElo "2090"]
[EventDate "2008.11.13"]

1. e4 e5 2. Nf3 Nc6 3. Bc4 Nf6 4. Nc3 Nxe4 5. Nxe4 d5 6. Bd3 dxe4 7. Bxe4
Bd6 8. O-O Bg4 9. h3 Bh5 10. c3 O-O 11. Qb3 Na5 12. Qa4 c6 13. g4 f5 14.
gxf5 Bxf3 15. Bxf3 Rxf5 16. Bg2 Rg5 17. d3 Rg6 18. Qe4 c5 19. h4 Qd7 20.
Bg5 Rf8 21. Rae1 Nc6 22. Re3 Be7 23. Rg3 Bxg5 24. hxg5 Rf4 25. Qe2 Qd8 26.
Bxc6 bxc6 27. Qxe5 Rh4 28. Qxc5 h6 29. gxh6 Rgxh6 30. Kg2 Rh2+ 31. Kf3 Qe8
32. Qg5 Rf6+ 33. Qxf6 Qh5+ 34. Ke4 1-0

[Event "38th Olympiad"]
[Site "Dresden GER"]
[Date "2008.11.23"]
[Round "10"]
[White "Jones,Ru"]
[Black "Veer,W"]
[Result "1/2-1/2"]
[WhiteElo "1966"]
[BlackElo "1959"]
[EventDate "2008.11.13"]

1. e4 e6 2. d4 d5 3. e5 c5 4. c3 Nc6 5. Nf3 Bd7 6. a3 c4 7. Be2 Na5 8. Nbd2
Rc8 9. O-O Ne7 10. Rb1 h5 11. h4 Nf5 12. g3 Be7 13. Re1 b6 14. Nf1 Nb3 15.
Bf4 g6 16. N1d2 Ba4 17. Nxb3 Bxb3 18. Qd2 a5 19. Bd1 a4 20. Be2 Kd7 21. Bf1
Ra8 22. Bh3 Qf8 23. Bxf5 gxf5 24. Bg5 Qg8 25. Bxe7 Kxe7 26. Ng5 Qg6 27.
Rbc1 Rhc8 28. Qf4 Rh8 29. Kh2 Raf8 30. Re2 Ra8 1/2-1/2

[Event "38th Olympiad"]
[Site "Dresden GER"]
[Date "2008.11.23"]
[Round "10"]
[White "Murara,M"]
[Black "Meier,K"]
[Result "0-1"]
[WhiteElo "1682"]
[BlackElo "2037"]
[EventDate "2008.11.13"]

1. e4 c5 2. Nf3 g6 3. Bc4 Bg7 4. d4 cxd4 5. Nxd4 Nc6 6. c3 Nf6 7. Nxc6 bxc6
8. e5 Ng8 9. Qf3 e6 10. Bf4 Qc7 11. Qe3 Qb6 12. Qd2 Qc5 13. Qe2 f6 14. exf6
Nxf6 15. Nd2 d5 16. Bd3 O-O 17. Nb3 Qe7 18. Nd4 Bd7 19. h4 c5 20. Nf3 Ng4
21. Bd2 e5 22. h5 e4 23. hxg6 h6 24. O-O-O Rae8 25. Rde1 Qf6 26. Nh2 Nxf2
27. Bc2 Nxh1 28. Rxh1 Qf2 29. Qh5 Qf5 30. Qh4 Qxg6 31. Be3 Qf6 32. Qxf6
Rxf6 33. Bxc5 a6 34. Nf1 Rg6 35. Ne3 Be6 36. Bb3 Rc8 37. Bb4 d4 38. Bxe6+
Rxe6 39. Nf5 Kh7 40. Rd1 dxc3 41. bxc3 Bxc3 42. Bxc3 Rxc3+ 43. Kb2 Rc7 44.
Nd4 Rb6+ 45. Nb3 e3 46. Re1 Rg7 47. Rxe3 Rxg2+ 48. Ka3 h5 49. Rh3 Kh6 50.
Nd4 Rf2 51. Nf3 Rbb2 52. Ne5 Rxa2+ 53. Kb4 Rfb2+ 54. Kc5 Rb5+ 55. Kd6 Rd2+
56. Ke6 Re2 57. Rg3 Rexe5+ 58. Kf7 Rf5+ 59. Ke7 Rbe5+ 60. Kd6 a5 61. Rg8 a4
62. Ra8 Ra5 63. Rh8+ Kg5 64. Rg8+ Kf4 65. Rg1 a3 66. Rf1+ Kg5 67. Rg1+ Kh6
68. Rg8 a2 69. Re8 a1=Q 70. Re6+ Qf6 71. Rxf6+ Rxf6+ 72. Ke7 Kg6 73. Kd7
Ra7+ 74. Ke8 Kg7 0-1